000 00358pab a2200145 454500
008 180718b1997 xxu||||| |||| 00| 0 eng d
100 _aMukhopadhyay, Alok
245 _aRevamping primary health care in India
260 _c1997
300 _ap.3-6
362 _aJul-Aug
650 _aHealth services
773 _aHealth for the Millions
909 _a36927
999 _c36927
_d36927